000 00604nam a2200229Ia 4500
003 OSt
005 20221005121208.0
006 a|||||r|||| 00| 0
007 ta
008 221004b |||||||| |||| 00| 0 kan d
024 _a60053
037 _cTextual
040 _aCRL
_cCRL
_bkan
041 _2kan
_akan
082 _aO154,1M85:g, 33M4
100 _aNaikar Basavaraj S. Au.
_9630236
245 0 _aGovardhanram
260 _c1984
650 _aKASHMIRI LITERATURE
_9145336
942 _hO154,1M85:g, 33M4
_cTEXL
_2cc
999 _c1040429
_d1040429